000 00497nam a22001817a 4500
999 _c125477
_d125477
005 20220122092017.0
008 220122b ||||| |||| 00| 0 eng d
020 _a9781492871842
040 _cPK-LaUMT
082 _a616.8521
_bWAL-C
100 _aWalker, Pete
245 _aComplex PTSD :
_bfrom surviving to thriving /
_cby Pete Walker
260 _aUSA :
_bAn Azure Coyote Book,
_c2013
300 _a340 p.
650 _aPTSD
650 _aDysfunctional - Treatment families
942 _cBK